[Event "Bundesliga 1991-2"]
[Site "GER"]
[Date "1991.??.??"]
[Round "?"]
[White "Shirov, Alexei"]
[Black "Nunn, J."]
[Result "1-0"]
[WhiteElo "2610"]
[BlackElo "2610"]
[PlyCount "59"]
[EventDate "1991.??.??"]
[SourceDate "2003.04.06"]

1. d4 Nf6 2. c4 g6 3. Nc3 Bg7 4. e4 d6 5. Nf3 O-O 6. Be2 e5 7. O-O Nc6 8. d5
Ne7 9. Ne1 Nd7 10. Nd3 f5 11. Bd2 Nf6 12. f3 h5 13. exf5 gxf5 14. f4 e4 15. Nf2
Ng4 16. Nxg4 fxg4 17. Nxe4 Bxb2 18. Rb1 Bd4+ 19. Kh1 Nf5 20. Bd3 b6 21. Re1 Bd7
22. Ng5 Rf6 23. Bb4 a5 24. Ba3 Bc3 25. Re2 h4 26. Re6 Nh6 27. Bh7+ Kg7 28. Qd3
Bxe6 29. Qxc3 Bg8 30. Bb2 1-0

[Event "URS-ch58"]
[Site "Moscow"]
[Date "1991.??.??"]
[Round "8"]
[White "Shirov, Alexei"]
[Black "Nikolenko, Oleg"]
[Result "1-0"]
[WhiteElo "2610"]
[BlackElo "2450"]
[Annotator "Tal, Vaganian"]
[PlyCount "61"]
[EventDate "1991.11.??"]
[SourceDate "2003.04.06"]

1. e4 e6 2. d4 d5 3. Nc3 Nf6 4. e5 Nfd7 5. Nce2 c5 6. c3 Nc6 7. f4 b5 8. a3 a5
9. Nf3 b4 (9... Rb8 $142) 10. axb4 cxb4 11. f5 $5 exf5 12. Nf4 Nb6 13. Bb5 Bb7
(13... Bd7 14. e6) 14. e6 Bd6 15. exf7+ Kxf7 16. O-O Re8 17. Nxd5 $1 Bxh2+ (
17... Nxd5 18. Ng5+ Kg6 (18... Kg8 19. Qh5 h6 20. Qf7+ Kh8 21. Qxb7 hxg5 22.
Bxc6 Rb8 23. Qf7) 19. Rxf5 $1 Kxf5 20. Bd3+ Kf6 21. Qf3+ Nf4 22. Bxf4 Nxd4 23.
Be5+ $1 Kxg5 24. Qf4+ Kh5 25. g4+ Kh4 26. Qg3+ Kg5 27. h4+ Kh6 28. Qf4+ g5 29.
hxg5+ Qxg5 30. Qh2+) 18. Kxh2 Qxd5 19. c4 Nxc4 20. Ng5+ Kg6 (20... Kg8 21. Rxf5
$1) 21. Bxc4 Qxc4 22. Qf3 Rf8 23. Qg3 Qxf1 24. Ne6+ Kf7 25. d5 Rg8 26. Qc7+ Kg6
27. dxc6 Bc8 28. Nf4+ Kf6 29. Qd6+ Kf7 30. Qd5+ Kf8 31. Be3 1-0

[Event "It"]
[Site "Groningen"]
[Date "1993.??.??"]
[Round "?"]
[White "Shirov, Alexei"]
[Black "Azmaiparashvili, Z."]
[Result "1-0"]
[WhiteElo "2685"]
[BlackElo "2630"]
[Annotator "NN"]
[PlyCount "83"]
[EventDate "1993.??.??"]
[SourceDate "2003.04.06"]

{59/273} 1. e4 {Shirov,A: 'Boensch'} 1... c5 2. Nf3 d6 3. d4 cxd4 4. Nxd4 Nf6
5. Nc3 a6 6. Be3 e6 7. Be2 b6 $5 {N Shirov,A: 'N 'N' Boensch. '} (7... Qc7 {
- 57/(235)}) (7... b5 $2 {Boensch} 8. Bf3 b4 9. e5 dxe5 10. Nb3 Qxd1+ 11. Rxd1
e4 12. Nxe4 Nd5 13. Rxd5 exd5 14. Nf6+ gxf6 15. Bxd5 $16 {-ECO}) 8. f4 (8. g4
$5 Bb7 9. f3 $13) (8. Bf3 {Boensch} 8... e5 $8 (8... Bb7 $2 {Boensch} 9. e5
dxe5 10. Nxe6 Qxd1+ 11. Rxd1 fxe6 12. Bxb7 Ra7 13. Rd8+ Kxd8 14. Bxb6+ Kd7 15.
Bxa7 $18) (8... Nbd7 $2 {Boensch} 9. e5 dxe5 10. Nxe6 fxe6 11. Bxa8 $18) 9. Nf5
g6 (9... d5 {Boensch} 10. Bg5 d4 11. Nd5 $16) 10. Ng3 Bb7 $14) 8... Bb7 9. Bf3
Nbd7 10. O-O (10. g4 $6 Rc8 { <<c3}) 10... Rc8 11. Qe1 $1 Rc7 (11... Be7 $4
12. e5) (11... e5 $5 {Boensch}) (11... Be7 {Boensch}) 12. Rd1 Qa8 $2 (12... Qc8
$13) 13. e5 $1 Bxf3 $6 (13... dxe5 14. fxe5 Nxe5 15. Bxb7 Rxb7 (15... Qxb7 {
Boensch} 16. Bf4 $16) 16. Bg5 $44 (16. Bf4 Ng6 17. Bg5 $44)) 14. Nxf3 dxe5 $8
15. fxe5 Ng4 16. Bf4 $1 $16 (16. Bd4 Nh6 $13) 16... Rc4 $6 (16... h5 17. h3 Nh6
18. Bxh6 Rxh6 19. Kh1 $16) (16... Bc5+ {Boensch} 17. Kh1 O-O 18. h3 $18) 17.
Qg3 h5 {Shirov,A: ''!' Boensch. '} (17... Bc5+ {Boensch} 18. Kh1 Nf2+ 19. Rxf2
Bxf2 20. Qxg7 Rf8 21. Bh6 $18) 18. h3 Bc5+ 19. Kh1 Be3 20. Ne2 $1 $18 Re4 (
20... Rxc2 21. Nfd4) (20... Qe4 21. Ng5 Qxc2 22. Bxe3 Qxe2 23. hxg4 Rxg4 24.
Qf3) 21. hxg4 $2 (21. Ng5 Bxf4 22. Nxf4 Re3 (22... Rxe5 23. Nxf7 $18) 23. Qh4
$1 Ngxe5 24. Nfxe6 fxe6 25. Nxe6 $18) 21... hxg4+ 22. Nh2 Bxf4 23. Nxf4 Nxe5
24. Rfe1 g5 $1 (24... Rh6 $5 {Boensch}) 25. Rxe4 Qxe4 26. Nd3 Nxd3 27. Rxd3 $1
Qf4 28. Kg1 {Shirov,A: ''+-!' Boensch. '} 28... f5 (28... Qxg3 29. Rxg3 f5 30.
Rb3 (30. Ra3 $18 {Boensch}) 30... b5 31. c4 $18) 29. Qxf4 gxf4 30. Rd4 Ke7 (
30... e5 31. Rd5 Ke7 32. Rxe5+ Kf6 33. Rd5 Re8 34. Rd6+ $18) 31. Rxf4 $18 Kd6
32. Nf1 b5 33. a4 Rb8 34. axb5 Rxb5 35. b3 Ra5 36. Kf2 Ke5 37. g3 Ra1 38. Ne3
Kd6 39. Ra4 Rxa4 40. bxa4 Ke5 41. c3 Ke4 42. Ke2 1-0

[Event "It"]
[Site "Groningen"]
[Date "1993.??.??"]
[Round "?"]
[White "Shirov, Alexei"]
[Black "Chernin, A."]
[Result "1-0"]
[WhiteElo "2685"]
[BlackElo "2615"]
[Annotator "NN"]
[PlyCount "74"]
[EventDate "1993.??.??"]
[SourceDate "2003.04.06"]

{59/320} 1. e4 {Shirov,A: 'Shirov. Shirov: 'Vaiser''} 1... e6 2. d4 d5 3. Nc3
dxe4 4. Nxe4 Bd7 5. Nf3 Bc6 6. Bd3 Nd7 7. O-O (7. Qe2 $5 {- 59/(320)}) 7...
Ngf6 8. Ng3 (8. Neg5 {- 59/(320)}) 8... Be7 9. b3 O-O 10. Bb2 Bxf3 {
Shirov,A: ''?!' Shirov. '} (10... b5 {Shirov}) (10... a5 {Shirov}) 11. Qxf3 c6
12. c4 Re8 13. Rfe1 Bf8 {N} (13... Nf8 {- 57/284} 14. h4) 14. Rad1 (14. Re2 $5
{ <<ae1}) 14... Qa5 (14... g6 15. d5 $5 {Shirov,A: ''!' Shirov. '} (15. h4 h5
(15... Bg7 16. h5 $16 Qa5 $10) 16. d5 exd5 (16... cxd5 17. cxd5 Nxd5 18. Bxg6
fxg6 19. Rxd5 Bg7 (19... exd5 20. Qxd5+ Kh7 21. Qf7+ Kh6 22. Bc1+ $18) 20. Rg5
Bxb2 21. Rxg6+ Bg7 22. Nxh5 Re7 23. Qg3 Qf8 24. Nxg7 Rxg7 25. Rexe6 $18) 17.
Rxe8 Nxe8 18. cxd5 $16) 15... cxd5 (15... exd5 $6 {Shirov} 16. Rxe8 Nxe8 17.
cxd5) 16. cxd5 Nxd5 17. Bc4 {Chernin,A} 17... Bg7 (17... N7b6 18. Bxd5 Nxd5 19.
Rxd5 $1 exd5 (19... Qxd5 {Shirov} 20. Qf6 e5 21. Rxe5 Qc6 22. Re6 $1 Qc1+ 23.
Bxc1 Rxe6 24. Qc3 $18) 20. Rxe8 Qxe8 21. Qf6 $18) 18. Bxg7 Kxg7 19. Bxd5 exd5
20. Rxe8 (20. Qxd5 $16 {Shirov}) 20... Qxe8 21. Qxd5 $16) 15. Bb1 g6 16. h4 $1
(16. d5 $2 {(Shirov) Vaiser} 16... exd5 17. Rxe8 Rxe8 18. Bxf6 (18. Bc3 {Shirov
} 18... Qd8) 18... Nxf6 19. Qxf6 Re1+ 20. Rxe1 Qxe1+ 21. Nf1 Qxb1 $19) 16...
Bg7 (16... h5 17. Bc3 $1 (17. Ne4 $6 Nxe4 18. Rxe4 Bg7 $11 {} 19. g4 f5 $1
$132) 17... Bb4 (17... Qc7 {Shirov} 18. d5 $1) 18. Bxb4 Qxb4 19. Ne4 $16) 17.
Bc3 $1 Qc7 18. h5 b5 {Shirov,A: 'Shirov: '?! Vaiser''} (18... Rad8 $5 {
(Shirov) Vaiser} 19. h6 $6 Bxh6 20. d5 Bg7 $15) 19. h6 $2 (19. Bd2 $1 {
 20.h6 >>h8 21.>>g5>>} 19... bxc4 20. bxc4 e5 21. h6 $1 Bh8 22. dxe5 Nxe5 23.
Qf4 $1 $16 {} 23... Re6 24. Re2 Rae8 25. Rde1) 19... Bxh6 $1 (19... Bh8 $142 {
(Shirov) Vaiser}) 20. d5 cxd5 21. Bxf6 bxc4 $2 (21... Nxf6 22. Qxf6 bxc4 (22...
Bg7 {(Shirov) Vaiser} 23. Qh4 bxc4 24. bxc4 Qxc4 25. Qxc4 dxc4 $16) 23. Qh4 Bf4
$1 24. Ne2 (24. bxc4 Bxg3 25. fxg3 dxc4 $11) 24... Be5 25. bxc4 dxc4 $13) 22.
Bb2 $1 cxb3 $6 (22... Bg7 23. Bxg7 Kxg7 24. Qc3+ $16 { bc4} 24... Kg8 25. bxc4
Rac8 26. Rd4 $16 {with strong attack}) 23. Nh5 $3 f5 (23... gxh5 24. Qxh5 Qf4
25. Bc1 (25. Rd4 $18 {(Shirov) Vaiser}) 25... Nf6 26. Qh3 $18) (23... bxa2 24.
Nf6+ Nxf6 25. Qxf6 e5 26. Rxe5 Rxe5 27. Bxe5 Qxe5 28. Qxe5 Bg7 29. Qxd5 $18) (
23... Bg5 24. Qg4 $1 Qd8 25. axb3 $16) 24. Rxd5 $1 (24. Rxe6 $2 {
(Shirov) Vaiser} 24... Rxe6 25. Qxd5 Qc6 26. Qxd7 (26. Qd4 {Shirov} 26... Ne5)
26... Qxd7 27. Rxd7 gxh5 28. Bxf5 Re1+ 29. Kh2 bxa2 $19) 24... gxh5 $8 (24...
exd5 25. Qxd5+ Kf8 26. Ba3+ $18) 25. Rxf5 $1 {Shirov,A: 'Shirov: '!! Vaiser''}
25... Nf8 (25... exf5 26. Qd5+ Kf8 27. Qxf5+ Kg8 28. Qxh7+ $18) 26. Rxh5 bxa2
27. Bxa2 Bg7 28. Qg4 $1 (28. Rg5 $6 Ng6 29. Rxe6 Kh8 $1 $16) 28... Kh8 (28...
Re7 29. Rxe6 (29. Ba3 {Shirov} 29... Ree8 (29... Qc3 {Shirov} 30. Re3) 30. Bxf8
Rxf8 31. Rxe6 $1 Qc1+ 32. Kh2 Qc7+ 33. f4 $1 Kh8 (33... Qxf4+ {Shirov} 34. Qxf4
Rxf4 35. Re8#) 34. Rxh7+ Kxh7 35. Qh5+ Kg8 36. Re7+) 29... Kh8 (29... Nxe6 30.
Bxe6+ Kh8 31. Rxh7+ Kxh7 32. Qh5+ Bh6 33. Qf5#) 30. Rxe7 Qxe7 31. Rg5 Ng6 32.
Rxg6 $18) 29. Bxg7+ Qxg7 30. Rg5 Ng6 $8 (30... Qf7 {(Shirov) Vaiser} 31. Re3
Ng6 32. Bb1 Rg8 33. Rh3 Nf8 34. Qd4+ Rg7 35. Rhg3 Ng6 36. Bxg6 hxg6 37. Rxg6
$18) 31. Bb1 {Shirov,A: ''!' Shirov. '} 31... Qc3 $8 (31... Rg8 32. Bxg6 hxg6
33. Rxe6 $18) 32. Rd1 Qf6 $6 (32... Rg8 33. Qh5 $1 (33. Bxg6 $2 Qf6 $13) (33.
Rxg6 $5 Rxg6 (33... hxg6 34. Qh4+ Kg7 35. Rd7+) 34. Bxg6 Rg8 (34... hxg6 35.
Qxg6 $18) 35. Qxe6 hxg6 (35... Rxg6 $2 36. Rd8+ Kg7 37. Qe7+ Kh6 38. Qh4+ Kg7
39. Rd7+ $18) 36. g4 $5 $16) 33... Nf8 (33... Qf6 34. Rd7 Rg7 35. Rxg6 $18) 34.
Rd7 $3 {Ribli,Z Shirov,A: 'Ribli,Z Shirov: 'Ribli''} 34... Qc1+ 35. Kh2 Qf4+
36. Rg3 Rxg3 37. Rxh7+ Kg8 38. fxg3 $18) 33. Rd7 $1 $18 {
Shirov,A: ''!' Shirov. '} (33. Bxg6 $2 {(Shirov) Vaiser} 33... Rg8 $1) 33...
Re7 34. Rxe7 Qxe7 (34... Nxe7 35. Qe4) 35. Bxg6 Rg8 36. Qd4+ Rg7 (36... Qg7 37.
Rh5 $1 (37. Bf7 $1 {Shirov})) 37. Rh5 e5 (37... e5 38. Rxe5) 1-0

[Event "It"]
[Site "Tilburg"]
[Date "1993.??.??"]
[Round "3"]
[White "Mozetic, D."]
[Black "Shirov, Alexei"]
[Result "0-1"]
[WhiteElo "2580"]
[BlackElo "2685"]
[Annotator "Hertneck"]
[PlyCount "58"]
[EventDate "1993.??.??"]
[SourceDate "2003.04.06"]

1. d4 d5 2. c4 c6 3. cxd5 cxd5 4. Bf4 Nc6 5. e3 Nf6 6. Nc3 a6 7. Bd3 Bg4 8.
Nge2 e6 9. O-O Be7 10. a3 O-O 11. b4 $2 (11. Na4 $142 {Shirov}) 11... b5 (11...
Rc8 $2 12. Na4 a5 $6 13. b5 Nb8 14. f3 Bh5 15. Qb3 $16 {
Hertneck,G-Shirov,A/Munich/1993}) 12. Rc1 $6 (12. f3 Bh5 13. Bg3 Rc8 14. Qd2 (
14. Nf4 $2 Nxd4 15. Bxh7+ Nxh7 16. exd4 Rxc3 $15) 14... Bg6 15. Nf4 Bxd3 16.
Nxd3 Nd7 17. Nc5 $11) 12... Rc8 13. f3 (13. h3 Bh5 14. Bg5 Nd7 15. Bxe7 Qxe7
16. Qb3 $11 {/\ Nf4 Shirov}) 13... Bh5 14. Bg3 Bg6 15. Nf4 Bxd3 16. Nxd3 Nd7
17. Nc5 Nb6 18. Nxa6 Nc4 $1 $36 19. Qe2 $6 (19. Re1 $5) 19... Ra8 20. Nc5 (20.
Nc7 Rxa3 21. N7xb5 Rb3 $15 {Shirov}) (20. a4 Rxa6 21. axb5 Nxd4 $1 22. exd4 Ra3
$17 {Shirov}) 20... Rxa3 21. Nxb5 Rxe3 22. Qf2 Qb6 $1 23. Nc7 (23. Rxc4 dxc4
24. Qxe3 Qxb5 25. Rc1 Rd8 26. Qc3 Rxd4 27. Bf2 Bf6 $1 $19) 23... Nxd4 24. Nd7 (
24. Rxc4 Ne2+ 25. Kh1 dxc4 {Shirov} 26. Qxe3 Nxg3+ 27. hxg3 Qxc7 $19) 24...
Qxb4 25. Rb1 (25. Rxc4 Qxc4 26. Qxe3 Ne2+ 27. Kf2 Nxg3 28. Rc1 Nf5 $19 {Shirov}
29. Rxc4 Nxe3 30. Ra4 Rd8 31. Kxe3 Rxd7 32. Ra8+ Rd8 $19) (25. Nxf8 Re2 $1 $19)
25... Rb3 26. Na6 Qb5 27. Rxb3 Nxb3 28. Nxf8 Qxa6 29. Qc2 (29. Nd7 Qb7 $1 30.
Rb1 (30. Qa2 Nbd2 $19) 30... Nca5 $1 $19) 29... Bxf8 (29... Bxf8 30. Qxb3 Nd2
31. Qd1 Qxf1+ 32. Qxf1 Nxf1 $19) 0-1

[Event "It"]
[Site "Linares"]
[Date "1993.??.??"]
[Round "?"]
[White "Shirov, Alexei"]
[Black "Kramnik, Vladimir"]
[Result "1-0"]
[WhiteElo "2670"]
[BlackElo "2685"]
[Annotator "NN"]
[PlyCount "73"]
[EventDate "1993.??.??"]
[SourceDate "2003.04.06"]

{57/382} 1. d4 {Speelman} 1... d5 2. c4 dxc4 3. e4 c5 4. d5 Nf6 5. Nc3 b5 {
'!?' Speelman.} 6. Bf4 Qa5 {N} (6... a6 {- 45/450}) 7. Bd2 $1 b4 (7... e5 $5 8.
dxe6 (8. f4 $2 Nbd7 9. Nf3 Bd6 {} 10. a4 b4 11. Nb5 Bb8 12. Bxc4 a6 $17) 8...
fxe6 9. e5 Nfd7 10. Nf3 $44) (7... Qd8 $5) 8. e5 bxc3 (8... Nfd7 9. e6 $1 $40)
9. Bxc3 Qa6 (9... Qc7 10. exf6 (10. d6 exd6 11. exf6 gxf6 $13) 10... exf6 11.
Bxc4 Bd6 12. Qe2+ $1 $14) 10. exf6 exf6 11. b3 Be7 12. Bxc4 (12. Nf3 $5 { []d2
} 12... Qd6 (12... Bg4 13. h3 $14) 13. bxc4 $5 $14) 12... Qd6 13. Ne2 $5 O-O
14. O-O f5 15. Re1 $1 Nd7 (15... Bf6 $2 16. Bxf6 Qxf6 17. d6 $16) 16. Ng3 g6 $8
{ >>f6=} 17. Rxe7 $1 Qxe7 18. d6 $6 {'?' Speelman.} (18. Qd2 $1 Qd6 (18... Qh4
$6 19. Bb5 $1 $16 {} (19. Re1 {Speelman} 19... Bb7 (19... Nf6 {Speelman}) 20.
Re3 f4 21. Re4 Rfe8 22. Rxf4 $16 Re1+ 23. Nf1 Qh6 $16) 19... Re8 20. Re1) (
18... Re8 $2 {Speelman} 19. d6 Qf8 (19... Qh4 {Speelman} 20. Qd5) 20. Nxf5 $1
$18) 19. b4 $5 (19. Re1 $5 Nb6 {'!' Speelman.} (19... Bb7 {Speelman} 20. Qh6
$18) 20. Qh6 (20. Be5 {Speelman} 20... Nxc4 21. bxc4 Qa6 $2 (21... Qb6 {
Speelman}) (21... Qd8 {Speelman} 22. Bc3 f6 (22... Re8 {Speelman} 23. Rxe8+
Qxe8 24. Nh5 $1 $18) 23. h4 $36) 22. Qh6 f6 23. Bc7 $1 Bd7 24. Re7 Rf7 25. Rxf7
Kxf7 26. Qxh7+ $18) 20... f6 21. Re7 $1 Qxe7 (21... Rf7 $2 {Speelman} 22. Rxf7
(22. Re8+ {Speelman} 22... Rf8 23. Nh5 $2 gxh5 24. Bxf6 Qxf6 25. Qxf6 Rxe8)
22... Kxf7 23. Qxh7+ Kf8 24. Qxg6) 22. d6+ Qf7 $1 (22... Qe6 $6 23. Nh5 $1 (23.
Nxf5 {Speelman} 23... gxf5 24. Bxe6+ Bxe6 25. Bxf6) 23... gxh5 24. Bxe6+ Bxe6
25. Bxf6 $16) 23. Bxf7+ (23. Bxf6 $4 {Speelman} 23... Nxc4 $19) 23... Rxf7 $11)
19... Re8 $1 20. bxc5 Qxc5 (20... Nxc5 $2 21. Qd4 f6 22. Bb4) 21. Bb3 { []f5}
21... f4 $1 (21... Nb6 22. Nh5 $1) 22. Bb4 Qb6 23. Qxf4 Qf6 24. Qc1 $1 $44)
18... Qh4 19. Qd5 Rb8 20. Nxf5 $2 (20. Re1 Bb7 $8 21. Nxf5 (21. Qd3 $2 Rbe8 22.
Rxe8 Rxe8 23. Nxf5 Qg5 $1 $17) 21... Bxd5 (21... gxf5 $2 22. Qxf5 $18) 22. Ne7+
Qxe7 23. dxe7 Bxc4 24. exf8=Q+ Nxf8 (24... Kxf8 {Speelman} 25. bxc4 Nb6 26. g4
$1 Nxc4 27. g5 $44) 25. bxc4 $11) 20... gxf5 21. Re1 (21. Qxf5 Rb6 $1 $17 (
21... Qh6 $6 22. Re1 Qg6 23. Qxg6+ hxg6 24. Re4 g5 25. Rg4 $44)) 21... Qg4 $1 {
'[]' Speelman.} (21... Nf6 $2 22. Qxc5 $1 $16 (22. Qe5 Qxf2+ 23. Kxf2 Ng4+ $14)
) 22. f3 Qg6 23. Re7 Bb7 24. Qd3 Nb6 25. Ba1 Nxc4 26. Qc3 $8 f6 27. Qxc4+ Kh8
$6 {'~~?' Speelman.} (27... Rf7 $1 28. d7 Bc6 29. Qe6 Kg7 $1 (29... Rd8 $2 30.
Re8+ Rxe8 31. Qxe8+ Kg7 32. Qxf7+ $1) (29... Bxd7 30. Rxd7 $15) 30. Rxf7+ Qxf7
31. Qxc6 Rd8 $17 { 1/4e7, <<f7}) 28. Kf2 Qh6 $6 {'?' Speelman.} (28... f4 $5
29. Qxf4 Qc2+ 30. Re2 Qg6 31. Re7 $11) 29. Bc3 Qg6 $6 (29... Qxh2 30. d7 $44 {
} 30... Qd6 $2 31. Re6 Qd5 (31... Qxd7 $2 32. Rxf6 $18) 32. Rxf6 $1 Rxf6 (32...
Kg8 $2 33. Qh4 $1 $18) 33. Bxf6+ (33. Qh4 Qd6 $1 $11) 33... Kg8 34. Qf4 $1 Qxd7
35. Qxb8+ Kf7 36. Bc3 $16) 30. d7 Rbd8 (30... Bc6 31. Qxc5 $16) 31. Qxc5 (31.
Ba5 Ra8 $1 $132) 31... Rg8 (31... f4 32. Ba5 $1 Rxd7 (32... Rg8 33. Bxd8 Qxg2+
34. Ke1 Bxf3 35. Re8 $18) 33. Rxd7 Rg8 34. Rxb7 Qxg2+ 35. Ke1 $18) 32. g3 f4
33. g4 Rdf8 34. Qd4 $2 (34. Qf5 $1 Qh6 35. Qh5 $1 Qxh5 36. gxh5 $18 { d81/4})
34... Qh6 35. h3 Ba6 $2 {	} (35... Bc6 36. Kg2 $1 (36. d8=Q $2 Qh4+) 36... Bxd7
37. Rxd7 $18) (35... Qh4+ 36. Ke2 Bc6 $1 37. Kd2 $1 (37. d8=Q $2 Bb5+ 38. Kd2
$2 Rxd8 $19) 37... Bxd7 38. Rxd7 $16) (35... Bxf3 $1 {Speelman} 36. d8=Q $2 (
36. Kxf3 {Speelman} 36... Qxh3+ 37. Ke4 Qg2+ (37... Qh1+ {Speelman} 38. Kd3 (
38. Kf5 {Speelman}) 38... Qd1+ 39. Kc4 Qxd4+ 40. Bxd4 $18 f3 41. d8=Q Rxd8 42.
Bxf6+ Rg7 43. Rxg7 $1) 38. Kd3 Qf1+ 39. Kc2 $18) 36... Qh4+ 37. Kxf3 Qxh3+ 38.
Kf2 Qg3+ 39. Kf1 Qh3+ 40. Ke1 Qg3+ $11) 36. Kg2 $18 (36. Kg1 {Speelman} 36...
Qh4 37. Qxf4 {1-0 Shirov,A-Kramnik,V/Linares 1993/[Speelman] (37)}) 36... Qh4
37. Qxf4 {	;  38. d81/4 <<d8 39. >>f6} 1-0

[Event "It"]
[Site "Luzern"]
[Date "1993.??.??"]
[Round "?"]
[White "Shirov, Alexei"]
[Black "Hjartarson, J."]
[Result "1-0"]
[WhiteElo "2685"]
[BlackElo "2605"]
[Annotator "NN"]
[PlyCount "80"]
[EventDate "1993.??.??"]
[SourceDate "2003.04.06"]

{59/209} 1. e4 c5 2. Nf3 e6 3. d4 cxd4 4. Nxd4 Nc6 5. Nc3 Qc7 6. Be2 a6 7. Be3
Nf6 8. O-O Bb4 9. Na4 O-O (9... Be7 {- 59/(209)}) 10. Nxc6 bxc6 11. f4 Rb8 (
11... Be7 {- 59/(209)}) 12. Bd3 Be7 13. c4 d6 14. g4 $5 {N} (14. c5 {- 58/(222)
}) 14... c5 (14... Nd7 15. g5 $13) (14... e5 $5 15. f5 h6 $1 $13 {} (15... d5
$6 16. g5 Nxe4 17. Bxe4 dxe4 18. f6 $40) 16. h4 Nh7 17. Qe1 d5 $1 $132) 15. g5
Nd7 16. Rf2 (16. h4 $5) 16... g6 17. h4 f5 $5 (17... h5 $5 18. gxh6 Bxh4 $13)
18. h5 (18. gxf6 $6 Nxf6 {(+)h4}) 18... Rf7 19. hxg6 hxg6 20. exf5 gxf5 $1 (
20... exf5 21. Bf1 Bb7 22. Rh2 $14) 21. Rh2 Nf8 22. Nc3 Bd8 23. Rc1 $1 Rh7 24.
Rcc2 Bb7 25. Rxh7 Qxh7 26. Rh2 Qg7 $1 $11 27. Ne2 $5 Bf3 $1 (27... Qxb2 28. Bd2
$1 $44 {} 28... Bf3 29. Qe1 Bxe2 $2 30. Be3 $1) 28. b3 Ba5 $1 29. Kf2 (29. Qf1
Bxe2 $1 { >>c3}) 29... Bg4 30. Qh1 Ng6 31. Rh6 $1 { 1/4c6} 31... Nf8 $1 32.
Rh4 $5 (32. Qc6 Qb7 $11) 32... Ng6 33. Rxg4 $5 fxg4 34. Qh5 Nf8 (34... Kf7 35.
f5 exf5 36. Bxf5 Rh8 37. Qxg4 $44 {} 37... Ne5 $2 38. Qg2 $1 $40) 35. Qxg4 Rb7
36. Ng3 Rf7 (36... Qb2+ 37. Qe2 $14) 37. Nh5 Qb2+ 38. Kf3 Qh2 $2 (38... Bd8 $1
39. Nf6+ (39. g6 Rc7 40. g7 Rxg7 41. Nxg7 Qxg7 $11) 39... Bxf6 40. gxf6+ Kh8
41. Qh5+ Kg8 $11) 39. g6 $1 $18 Qh1+ 40. Kf2 Qh2+ {	} (40... Qh2+ 41. Kf1 Qh1+
42. Bg1 Rg7 (42... Rc7 43. g7) (42... Rf5 43. Bxf5 exf5 44. Qxf5 Qf3+ 45. Bf2)
43. Nxg7 Kxg7 44. f5) 1-0

[Event "It"]
[Site "München"]
[Date "1993.??.??"]
[Round "?"]
[White "Shirov, Alexei"]
[Black "Jussupow, A."]
[Result "1-0"]
[WhiteElo "2670"]
[BlackElo "2645"]
[Annotator "NN"]
[PlyCount "89"]
[EventDate "1993.??.??"]
[SourceDate "2003.04.06"]

{57/322} 1. e4 e5 2. Nf3 Nf6 3. Nc3 Nc6 4. Bb5 Bb4 5. O-O O-O 6. d3 d6 7. Bg5
Bxc3 8. bxc3 Qe7 9. Re1 Nd8 10. d4 Bg4 (10... Ne6) 11. h3 Bxf3 (11... Bh5 12.
Bh4 $1 {} 12... Ne6 $2 {'/\' Shirov.} 13. g4 Bg6 14. Nxe5 $16 (14. dxe5 $16))
12. Qxf3 Ne6 $5 {N} (12... h6 $14) 13. Bh4 $5 (13. Be3 c5 $5 14. dxe5 dxe5 $11)
13... Rad8 (13... exd4 14. e5 $1 dxe5 15. Rxe5 dxc3 16. Rae1 $1 $44) (13... Nf4
$5 14. a4 Ng6 15. Bg5 h6 16. Bc1 $14) 14. Rad1 Nf4 { 1/4e6} 15. Bg5 $5 (15.
Bc4 Ng6 16. Bg5 h6 17. Bc1 Rfe8 $11) 15... Ne6 (15... Ng6 $2 16. h4 $1 h6 17.
h5 hxg5 18. hxg6 $16) 16. h4 $5 (16. Bc1 c5 $11) 16... h6 $6 (16... Nxg5 $1 17.
hxg5 Nd7 18. Qg3 c6 {Mueller,K} 19. Bf1 (19. Bc4 Nb6 {} 20. Bb3 $6 c5 $1)
19... f6 (19... g6 $5 $13) 20. g6 h6 $13) 17. Bc1 (17. Be3 $14) 17... Kh8 $6 (
17... Nd7 18. g3 $14) 18. g3 Nd7 19. Qh5 (19. Qg4 $5 c5 $1 (19... Nf6 $6 20.
Qf5 $16) (19... c6 20. Bf1 {} 20... d5 $2 21. dxe5 Nxe5 22. Qh5) 20. d5 Nc7
21. Bf1 $14) 19... c6 (19... c5 $2 20. dxe5 dxe5 (20... Nxe5 21. f4 $16) 21.
Bxd7 Rxd7 22. Qxe5 $16) 20. Bf1 Qf6 21. Be3 Kg8 22. Bh3 $2 (22. Qg4 $1 { f4}
22... d5 23. f4 exf4 24. e5 Qg6 25. Qxg6 fxg6 26. Bh3 Rde8 27. gxf4 $1 Nb6 28.
Rf1 $16) 22... Nb6 23. Rd3 $6 Nc4 24. Rf1 Rfe8 25. f4 Nxe3 $1 (25... exd4 26.
f5 $1 $40) 26. fxe5 Qg6 27. Qxg6 fxg6 28. Rxe3 dxe5 29. Rd1 $6 (29. Bxe6+ Rxe6
30. Rd1 $11) 29... Nc5 $1 $15 {'!' Shirov.} 30. Bg2 Na4 $2 {	 '?!' Shirov.} (
30... Rd6 $1 31. d5 $15) (30... Rd6 $1 $13) 31. Rb1 $1 $13 {'!' Shirov.} 31...
b5 (31... Nb6 $142 $11) 32. d5 $1 a6 $6 (32... Nb6 33. dxc6 a6 $11) 33. c4 $1
$14 {'!' Shirov.} 33... Rd6 34. Ra3 Rc8 (34... Nc5 $5 35. dxc6 bxc4 $14) (34...
Red8 35. Rxa4 bxa4 36. c5 Rf6 $16) 35. Bh3 Rcd8 36. Rxa4 $1 bxa4 37. c5 Rf6 38.
c4 $1 Kf8 39. Rb6 cxd5 $2 (39... Rf3 $1 40. dxc6 Rxg3+ 41. Kh2 Rxh3+ 42. Kxh3
Rc8 43. Rxa6 Ke7 $14) 40. exd5 Rf3 41. c6 {'+-' Shirov.} 41... Rxg3+ 42. Kh2
Rc3 43. c7 Re8 44. Rb8 Rxc4 45. d6 1-0

[Event "It"]
[Site "München"]
[Date "1993.??.??"]
[Round "?"]
[White "Shirov, Alexei"]
[Black "Lobron, E."]
[Result "1-0"]
[WhiteElo "2670"]
[BlackElo "2620"]
[Annotator "NN"]
[PlyCount "77"]
[EventDate "1993.??.??"]
[SourceDate "2003.04.06"]

{57/144} 1. e4 c6 2. d4 d5 3. e5 Bf5 4. h4 h5 5. c4 e6 6. Nc3 dxc4 7. Bxc4 Nd7
8. Bg5 Be7 9. Qd2 Nb6 10. Bb3 a5 {N} (10... Qd7 {- 44/156}) 11. a3 a4 12. Ba2
Bxg5 13. hxg5 Ne7 14. Nge2 Ned5 (14... Nbd5 15. f3 $1 $14) 15. Ng3 Bg6 $6 (
15... Nxc3 $5 16. Nxf5 (16. bxc3 Bg6 $11) 16... Nxa2 17. Nd6+ Kf8 18. Qf4 $1 (
18. Rxa2 $2 Nc8) (18. g6 fxg6 19. Qf4+ Kg8 20. Qf7+ Kh7 21. Rxh5+ gxh5 22.
Qxh5+ Kg8 23. Qf7+ Kh7 $11) 18... Qd7 $1 (18... Qe7 $2 19. g6 $1 f5 (19... f6
20. Qg4 $1 $16) 20. Qf3 $1 h4 21. g4 $1 Kg8 (21... Nc8 22. gxf5 Nxd6 23. f6 $1)
22. Nf7 $1) 19. g6 f5 20. exf6 $1 (20. Qf3 $2 Nc4 $1 21. Nxc4 Qxd4 22. Qe2 Nc3
$1 $19) 20... Nd5 21. fxg7+ Kxg7 22. Qe5+ Kxg6 $1 (22... Nf6 $2 23. Nf7 $1 $18
{} 23... Rhf8 24. Qg5) 23. Rh3 $1 h4 $1 (23... Qe7 24. Rg3+ Kh6 25. Rg5 $1 $18
) (23... Rag8 24. Rg3+ Kh6 25. Ke2 $1 $18 { 26.1/4h5 <<h5 27.<<h1#}) 24. Qe4+
Kg7 (24... Kg5 25. f4+ $1 Kf6 (25... Nxf4 26. Qe5+ Kg4 27. Ne4 $1 Nxg2+ 28. Kf2
$18) 26. Qe5+ Ke7 27. Nf5+ Kf7 28. Qg7+ $18) 25. Qg4+ Kf8 26. Nc4 $1 $14 {/^} (
26. Rf3+ $2 Ke7 27. Rf7+ Kxd6 28. Rxd7+ Kxd7 29. Rxa2 Rag8 $132)) 16. Nge4 Nc8
17. g4 $2 (17. Nc5 Nxc3 $1 18. bxc3 b6 19. Nd3 c5 $13) (17. Bxd5 $1 cxd5 18.
Nc5 b6 19. N5xa4 $16) 17... Nxc3 18. Nxc3 Kd7 $1 19. O-O-O Kc7 $2 (19... Ne7
$15) 20. Bb1 $1 $14 Ne7 (20... Bxb1 {~~} 21. Kxb1 hxg4) 21. Bxg6 fxg6 22. Qc2
$1 hxg4 23. Rxh8 Qxh8 24. Nxa4 Nd5 (24... b6 $2 25. Nxb6 $18) (24... Qh5 25.
Nc5 $1 Qxg5+ 26. Rd2 Qf5 27. Qb3 b6 28. Nxe6+ $18) 25. Nc5 Qe8 26. Qe2 b6 27.
Ne4 Qf7 28. Qxg4 Qf5 $2 (28... Rh8 29. Nd6 Qf4+ 30. Qxf4 Nxf4 31. Kd2 $16) 29.
Qe2 Rh8 30. Nd6 $1 Qxg5+ 31. Kb1 Qh5 32. Qc2 Ra8 33. Rc1 Ne7 34. Qb3 Qg4 35. f3
$1 Qh3 36. Qb4 $1 Qh4 $2 {	} (36... Nd5 37. Ne8+ $1 Kb7 (37... Rxe8 38. Qd6+
$18) 38. Qd6 Rc8 39. Qd7+ Kb8 40. Nd6 Rc7 41. Qe8+ Ka7 42. Rxc6 $18) (36... Nc8
37. Rc3 $1 { <<b3+-}) 37. Nc4 Nc8 38. d5 (38. Nxb6 Nxb6 39. Rxc6+ Kxc6 40. d5+
$18) 38... c5 (38... exd5 39. Nxb6 $18) 39. Nxb6 1-0